00725 2200253 4500001002100000005001700021008004100038020001800079035002400097040001200121041000800133082001900141084001900160090002300179100001500202245011400217250001100331260003600342300002300378650002000401700001600421850001200437990002200449INLIS00000000002923220170714082127.0  a979-9659-75-1 0010-071700000000402 aYOPDYOG0 aind042[23]a899.2213 a899.2213 Abd S aDEP 899.2213 Abd S0 aABDUL WAID1 aSorban yang terlukab: menyingkap cerita kelam dibaliik kesucian pesantrenc/ Abdul Waid; editor, Shohifullah aCet. 1 aYogyakartabLaelathinkersc2009 a272 hlm.c; 19 cm. 4aFiksi Indonesia0 aShohifullah aYOPDYOG aCB-D.11/2009-2048